000 00759nam a2200229 a 4500
001 55428
003 BD-RjUL
005 20211209080250.0
008 161117s1969 bg ||||| |||| 00| 0 ben d
020 _c: TK 4.00
035 _a(BD-RjUL)55551
040 _aBD-RjUL
_bben
_cBD-RjUL
041 _aben
082 _223
_a891.441
_bHAB 1969
100 _a হক, সৈয়দ শামসুল
_9165130
245 1 0 _aবিরতিহীন উৎসব /
_cসৈয়দ শামসুল হক
260 _aঢাকা :
_bবর্ণমিছিল,
_c১৯৬৯
300 _a৬০ পৃ. ;
_c২১ সেমি.
650 _aবাংলা কবিতা
_9165131
650 _aBengali Poetry
_9165132
942 _2ddc
_cBK
999 _c55428
_d55428